The history of the Isle of Wight (Record no. 113816)
[ view plain ]
| 000 -LEADER | |
|---|---|
| fixed length control field | 00760cam a22001935a 4500 |
| 001 - CONTROL NUMBER | |
| control field | L155777 |
| 008 - FIXED-LENGTH DATA ELEMENTS--GENERAL INFORMATION | |
| fixed length control field | 120416s1781 xxk f 000 0 eng d |
| 035 ## - SYSTEM CONTROL NUMBER | |
| System control number | (Sirsi) u155777 |
| 041 0# - LANGUAGE CODE | |
| Language code of text/sound track or separate title | eng |
| 100 1# - MAIN ENTRY--PERSONAL NAME | |
| Personal name | Worsley, Richard |
| Titles and words associated with a name | Sir |
| Dates associated with a name | 1751-1805 |
| 245 04 - TITLE STATEMENT | |
| Title | The history of the Isle of Wight |
| 260 ## - PUBLICATION, DISTRIBUTION, ETC. | |
| Place of publication, distribution, etc. | London |
| Name of publisher, distributor, etc. | Printed by A. Hamilton; and sold by R. Dodsley, T. Cadell, G. Robinson, R. Faulder, and G. Nicol: Collins and Co. Salisbury; and Burdon, at Winchester |
| Date of publication, distribution, etc. | MDCCLXXXI. [1781] |
| 300 ## - PHYSICAL DESCRIPTION | |
| Extent | [12], 274, [8], clxii, [2] p., plates |
| Other physical details | map |
| Dimensions | 4o |
| 520 ## - SUMMARY, ETC. | |
| Summary, etc. | Dedication signed and dated: Richard Worsley. June 4, 1781. |
| 583 0# - ACTION NOTE | |
| Action | Condition reviewed |
| Time/date of action | 20120620 |
| Status | condition level 2 |
| 651 #4 - SUBJECT ADDED ENTRY--GEOGRAPHIC NAME | |
| Geographic name | Great Britain |
| Chronological subdivision | 1707- |
| 690 ## - LOCAL SUBJECT ADDED ENTRY--TOPICAL TERM (OCLC, RLIN) | |
| Topical term or geographic name as entry element | Rural |
| 9 (RLIN) | 6268 |
| 942 ## - ADDED ENTRY ELEMENTS (KOHA) | |
| Suppress in OPAC | 0 |
| Withdrawn status | Lost status | Source of classification or shelving scheme | Damaged status | Not for loan | Home library | Current library | Shelving location | Date acquired | Total Checkouts | Full call number | Barcode | Date last seen | Copy number | Price effective from | Koha item type |
|---|---|---|---|---|---|---|---|---|---|---|---|---|---|---|---|
| Dewey Decimal Classification | Historic collection | Historic collection | Historic collection | 16/04/2012 | FOLIO 1781 WORSLEY | 30075537 | 06/08/2019 | 1 | 06/08/2019 | Book |